| 000 | 00910cam a2200277 a 4500 | ||
|---|---|---|---|
| 999 |
_c41410 _d41410 |
||
| 001 | 1842574 | ||
| 003 | OSt | ||
| 005 | 20220106111209.0 | ||
| 008 | 810707s1982 nyua b 001 0 eng | ||
| 010 | _a 81009869 | ||
| 020 | _a0444006281 | ||
| 040 |
_aDLC _cDLC _dDLC _dOCoLC _dDLC |
||
| 050 | 0 | 0 |
_aHV8074 _b.H49 1982 |
| 082 | 0 | 0 |
_a363.2565 _219 _bHIL/S |
| 100 | 1 |
_aHilton, Ordway _98972 |
|
| 245 | 1 | 0 |
_aScientific examination of questioned documents / _cOrdway Hilton. |
| 250 | _aRev. ed. | ||
| 260 |
_aNew York : _bElsevier, _cc1982. |
||
| 300 |
_axv, 424 p. : _bill. ; _c 24 cm. |
||
| 440 | 0 | _aElsevier series in forensic and police science | |
| 504 | _aIncludes bibliographical references and index. | ||
| 650 | 0 |
_aWriting _xIdentification. |
|
| 650 | 0 | _aForgery. | |
| 906 |
_a7 _bcbc _corignew _d1 _eocip _f19 _gy-gencatlg |
||
| 942 |
_2ddc _cBK _h363.2565 _iHIL/S _k363.2565 _mHIL/S |
||